Städte die mit D beginnen auf einer Karte - Statistiken

Allgemein
  • Dieses Quiz wurde 196 mal gespielt
  • Das Durchschnittsergebnis liegt bei 14 aus 30
Antworten auf der Karte
Die Antworten werden auf der Karte rot bzw. grün angezeigt, abhängig davon wie oft sie richtig erraten wurden.
 
Antwortstatistiken
Stadt % Korrekt
Düsseldorf
98%
Dublin
96%
Dresden
82%
Dallas
79%
Detroit
77%
Delhi
76%
Denver
75%
Dubai
75%
Dakar
70%
Damaskus
68%
Dhaka
65%
Doha
61%
Dschibuti
56%
Dijon
54%
Donezk
46%
Duschanbe
45%
Dar es Salaam
44%
Durban
43%
Dodoma
38%
Dili
37%
Dundee
34%
Darwin
33%
Daegu
19%
Dalian
14%
Des Moines
14%
Douala
14%
Da Nang
12%
Dammam
8%
Davao
8%
Dongguan
4%
Keine übereinstimmenden Quizze gefunden
Verteilung der Resultate
Anzahl Personen mit jedem Resultat
Perzentil nach korrekt beantworteten Fragen
Ihre Resultats-Entwicklung
Sie haben dieses Quiz noch nicht gespielt